| 000 | 00733nam a2200241 a 4500 | ||
|---|---|---|---|
| 001 | 898 | ||
| 003 | CDMR | ||
| 005 | 20131210180957.0 | ||
| 008 | 130130s1986||||||||||||||||||||||||||||d | ||
| 020 | _a8434412519 | ||
| 040 |
_aCDMR _bcat _cCDMR |
||
| 100 | 1 |
_aGifreu, Josep _9366 |
|
| 245 | 1 | 3 |
_aEl debate internacional de la comunicación _cJosep Gifreu |
| 260 |
_aBarcelona _c1986 _bAriel |
||
| 300 | _a239 p. | ||
| 490 | 0 | _aAriel Comunicación | |
| 650 | 0 | 4 |
_93350 _aGlobalització |
| 650 | 0 | 4 |
_92190 _aComunicació internacional |
| 650 | 0 | 4 |
_94405 _aMitjans de comunicació de massa _zPaïsos en vies de desenvolupament |
| 650 | 0 | 4 |
_93993 _aOrganismes internacionals |
| 650 | 0 | 4 |
_94364 _aPolítica de la comunicació |
| 942 |
_cMON _2udc |
||
| 999 |
_c898 _d898 |
||